000 00650nam a22002057i 4500
999 _c23288
_d23288
003 AR-CdUCM
008 250526b20212021 pe||||| |||| 00| 0 spa d
020 _a978-612-48462-7-4
040 _aMUNICIPALIDAD PROVINCIAL DEL CUSCO
_cBIBLIOTECA MUNICIPAL DEL CUSCO
041 _hspa
082 _aEP / 807 / B95F
_bB95F
100 _aBustamante Quispe, Mario
_951181
245 _aFiesta de Figuras :
_bOjotin y Goyo /
260 _aCusco :
_bAutor-editor
_c2021
300 _a11 páginas. :
_bIlustraciones
_c30x20 cm.
505 _a Fiesta de figuritas
856 _fwww.ojotincomic.blogspot.com
942 _2ddc
_cLIBROS
945 _apbjr
_d26-05-2025